Guess the country with flag descriptions 2 - Statistics

General Stats
  • This quiz has been taken 26 times
  • The average score is 5 of 6
Answer Stats
Hint Explanation Answer % Correct
Red background with green ritual star Sorry for describing it as "ritual star" Morocco
87%
Has text, "ordem e progresso" Pretty straight forward Brazil
83%
Russian flag with a shield like logo having a white vichy france logo inside ☦️ This is medium difficulty, still it's a nice one to get right! Slovakia
83%
White on the left-hand side with green format for the rest of the flag with a white moon and a white star Sounds complicated but isn't, nice job! Pakistan
78%
Triple striped flag with the colour orange on bottom Straight forward Armenia
70%
Red stripes, one at the top, one at the bottom with a green format and yellow moon and a yellow star Long description and unpopular country, surprised you got this! Mauritania
65%
No matching quizzes found
Score Distribution
Percent of People with Each Score
Percentile by Number Answered
Your Score History
You have not taken this quiz